Fishing gears of the cambodian mekong (Record no. 9980)

000 -LEADER
fixed length control field 00246nam a22001217a 4500
040 ## - CATALOGING SOURCE
Transcribing agency SK
082 ## - DEWEY DECIMAL CLASSIFICATION NUMBER
Classification number 344
100 ## - MAIN ENTRY--AUTHOR NAME
Personal name DEAP LOEUNG
245 ## - TITLE STATEMENT
Title Fishing gears of the cambodian mekong
260 ## - PUBLICATION, DISTRIBUTION, ETC. (IMPRINT)
Place of publication MRC
Name of publisher DEA
Year of publication 2003
300 ## - PHYSICAL DESCRIPTION
Number of Pages 267p.
942 ## - ADDED ENTRY ELEMENTS (KOHA)
Koha item type សៀវភៅភាសាអង់គ្លេស
952 ## - LOCATION AND ITEM INFORMATION (KOHA)
Withdrawn status [LOCAL, KOHA] 0
Holdings
Permanent Location Date acquired Koha item type Lost status Shelving location Barcode Current Location Full call number
Library Block C2016-09-16សៀវភៅភាសាអង់គ្លេស C198A02227Library Block C344 DEA NA C198
មជ្ឈមណ្ឌលឯការនៃសាកលវិទ្យាល័យភូមិន្ទកសិកម្មចំការដូង

Powered by Koha